Statistics for Countries in FIBA World Cup 1974

Click here to take the quiz!

General Stats

  • This quiz has been taken 5 times
  • The average score is 10 of 14

Answer Stats

RankCountry% Correct
11th PlaceArgentina
100%
9th PlaceMexico
100%
3rd PlaceUnited States
100%
12th PlaceAustralia
80%
6th PlaceBrazil
80%
8th PlaceCanada
80%
Champions (1st Place)Soviet Union
80%
5th PlaceSpain
80%
Runners-Up (2nd Place)Yugoslavia
80%
4th PlaceCuba
60%
14th PlaceCentral African Republic
40%
10th PlaceCzechoslovakia
40%
13th PlacePhilippines
40%
Host (7th Place)Puerto Rico
40%

Score Distribution

Percentile by Number Answered

Percent of People with Each Score

Your Score History

You have not taken this quiz